| 000 | 00458nam a2200181Ia 4500 | ||
|---|---|---|---|
| 005 | 20250326124003.0 | ||
| 008 | 250326s9999 xx 000 0 und d | ||
| 037 | _aTextbook | ||
| 040 |
_aFMSL _beng _cFMSL |
||
| 041 |
_aeng _2eng |
||
| 084 |
_aX K2 _qFMSL |
||
| 100 | _aPigou A C | ||
| 245 | 0 |
_aEconomics of welfare _cPigou A C |
|
| 260 |
_aLondon _bLondon, E L B S _c1962 |
||
| 300 | _a876p | ||
| 942 |
_cTB _hX K2 |
||
| 999 |
_c1271772 _d1271772 |
||